| 000 | 00414nam a2200157 4500 | ||
|---|---|---|---|
| 001 | 113588 | ||
| 003 | ES-MaACL | ||
| 005 | 20230906185941.0 | ||
| 007 | t| | ||
| 008 | 061121s1964 sp r ||||1| spa d | ||
| 100 | 1 |
_aNoël, Sofía. _985829 |
|
| 245 | 1 | 4 |
_aLas bellas horas de Flandes / _cSofía Noël. |
| 260 |
_aMadrid : _bAgora, _c1964. |
||
| 300 |
_a159 p. ; _c22 cm. |
||
| 852 |
_aES-MaACL _jC-26689 _bR.55658 |
||
| 999 |
_c113588 _d113588 |
||